LEADER 02179oas 2200733 a 450 001 9910693407503321 005 20250627213021.0 035 $a(OCoLC)774048810 035 $a(CONSER) 2012230070 035 $a(CKB)2670000000555674 035 $a(EXLCZ)992670000000555674 100 $a20120127b20072011 ua a 101 0 $aeng 135 $aur||||||||||| 181 $ctxt$2rdacontent 182 $cc$2rdamedia 183 $acr$2rdacarrier 200 00$aDeath in the United States 210 $aHyattsville, MD $cU.S. Dept. of Health and Human Services, Centers for Disease Control and Prevention, National Center for Health Statistics 215 $a1 online resource 225 1 $aNCHS data brief 225 1 $aDHHS publication,$x1941-4935 ;$vno. (PHS) 311 08$a2334-4784 410 0$aNCHS data brief (Series) 410 0$aDHHS publication ;$vno. (PHS) 606 $aMortality$zUnited States$vStatistics$vPeriodicals 606 $aDeath$zUnited States$xCauses$vStatistics$vPeriodicals 606 $aDeath$xCauses$2fast$3(OCoLC)fst00888616 606 $aMortality$2fast$3(OCoLC)fst01026502 607 $aUnited States$vStatistics, Vital$vPeriodicals 607 $aUnited States$2fast$1https://id.oclc.org/worldcat/entity/E39PBJtxgQXMWqmjMjjwXRHgrq 608 $aPeriodicals.$2fast 608 $aStatistics.$2fast 608 $aVital statistics.$2fast 608 $aStatistics.$2lcgft 608 $aPeriodicals.$2lcgft 608 $aVital statistics.$2lcgft 615 0$aMortality 615 0$aDeath$xCauses 615 7$aDeath$xCauses. 615 7$aMortality. 676 $a304.64 712 02$aNational Center for Health Statistics (U.S.) 801 0$bGPO 801 1$bGPO 801 2$bOCLCQ 801 2$bOCLCA 801 2$bOCLCF 801 2$bDLC 801 2$bOCLCO 801 2$bGPO 801 2$bOCL 801 2$bOCLCO 801 2$bOCLCQ 801 2$bGILDS 801 2$bOCLCA 801 2$bOCLCQ 801 2$bOCLCL 801 2$bDOS 801 2$bOCLCL 906 $aJOURNAL 912 $a9910693407503321 996 $aDeath in the United States$93166375 997 $aUNINA LEADER 02273nam 22004573 450 001 9910157763503321 005 20230807213141.0 010 $a1-59433-515-X 035 $a(CKB)3710000001009861 035 $a(MiAaPQ)EBC6535103 035 $a(Au-PeEL)EBL6535103 035 $a(OCoLC)1245672571 035 $a(EXLCZ)993710000001009861 100 $a20210901d2015 uy 0 101 0 $aeng 135 $aurcnu|||||||| 181 $ctxt$2rdacontent 182 $cc$2rdamedia 183 $acr$2rdacarrier 200 10$aRaised by the Midnight Sun Book 2 $eThe journey of growing up Alaskan, one season at a time 205 $a1st ed. 210 1$aChicago :$cPublication Consultants,$d2015. 210 4$dİ2015. 215 $a1 online resource (201 pages) 311 08$a1-59433-514-1 327 $aCover Page -- Title Page -- Copyright -- Dedication -- Contents -- Chapter One: An Alaskan Re-Design -- Chapter Two: The Pain of Alaskan Terrain -- Chapter Three: The Faith of Fairbanks -- Chapter Four: Living a Dream -- Chapter Five: Empty of Worry, Full of Questions -- Chapter Six: Raising the Walls before the Water Falls -- Chapter Seven: The Road to South Central Alaska -- Chapter Eight: A Homestead Life -- Chapter Nine: Frozen in the Forest -- Chapter Ten: Fish with Prince William -- Chapter Eleven: There's Still Gold in These Hills -- Chapter Twelve: Back to Our Start in the Golden Heart -- Chapter Thirteen: Golden Days Create Berry Fairy's -- Chapter Fourteen: Ferris Wheels to Nine Quarters -- Chapter Fifteen: Snow Covered Footprints -- Chapter Sixteen: The Hibernation of Alaskan Life. 330 $aThe modern day little house on the prairie set in interior Alaska continues.Take a journey with Springflower Johnson and her big brother JJ as they are raised by the midnight sun.Melting snow brought uncertainty in book one that ended with pride in being a country girl. 606 $aFamilies 606 $aGirls 606 $aAlaska 615 0$aFamilies. 615 0$aGirls. 615 0$aAlaska. 700 $aJones$b Sparky$0848541 801 0$bMiAaPQ 801 1$bMiAaPQ 801 2$bMiAaPQ 906 $aBOOK 912 $a9910157763503321 996 $aRaised by the Midnight Sun Book 2$91895311 997 $aUNINA